| 000 | 00453nam a22001817a 4500 | ||
|---|---|---|---|
| 003 | CEME | ||
| 005 | 20210628205848.0 | ||
| 008 | 210317b xxu||||| |||| 00| 0 eng d | ||
| 020 | _a1-55828-569-5 | ||
| 040 | _c. | ||
| 082 | _a005.72 STL | ||
| 100 |
_aSt Laurent, Simon _977291 |
||
| 245 | _aDynamic html a primer | ||
| 260 |
_aNEW YORK _bMIS PRESS _c1997 |
||
| 300 | _aXV,330P | ||
| 650 |
_aHTML-DOCUMENT MARKUP LANGUAGE _936858 |
||
| 942 |
_cBK _2ddc |
||
| 999 |
_c582587 _d582587 |
||